00293nam a2200121Ia 4500008004100000041000800041082001600049100001900065245002300084260003900107300001300146365001200159240624s9999 xx 000 0 und d aeng a658.155 SHI aSHIN HYUN SONG aRISK AND LIQUIDITY c2010aUSAbOxford University Press a208 : p. cGBPb29